02626nam a2200445Ii 4500001001100000003000800011006001900019007001500038008004100053020001500094020001800109035002100127040002600148043001200174050001700186100002600203245011300229264003900342300004200381336002600423337002600449338003600475490004200511504005600553505093100609600002501540600002901565610007601594610011901670650004101789650005301830650003601883650003001919650003901949650001501988655002202003700003202025830005202057856007102109DIGBN02629NyNyDIGm o d cr |||||||||||100625s2007 sp a ob 000 0 spa d z8497426479 z9788497426473 a(OCoLC)853442914 aDGITAbengepncDGITA ae-sp---14aHQ1693 eBook1 aRuiz Franco, Rosario.10a¿Eternas menores? :blas mujeres en el franquismo /cRosario Ruiz ; prólogo de Gloria Nielfa Cristóbal. 1aMadrid :bBiblioteca Nueva,c2007. a1 online resource (258 pages) :bill. atextbtxt2rdacontent acomputerbc2rdamedia aonline resourcebcr2rdacarrier1 aColección Historia Biblioteca Nueva aIncludes bibliographical references (p. [235]-247).0 aPrólogo / Gloria Nielfa Cristóbal -- 1. Mujeres y franquismo: la política feminizadora del régimen -- 2. Mujeres y derecho: la vuelta a una legislación decimonónica -- 3. Antecedentes de la campaña (1950-1953) -- 4. Encuesta y campaña en el diario ABC (1953-1958) -- 5. Desarrollo y resonancia de la campaña en el ámbito nacional e internacional (1953-1958) -- 6. Los primeros cambios en el código civil: ley de 24 de abril de 1958 -- 7. Nuevos horizontes en el derecho público para las mujeres de los años sesenta -- 8. María Telo toma el testigo de Mercedes Fórmica: el consejo de la FIMCJ de 1969 en Madrid -- 9. La asociación española de mujeres juristas y su participación en la mejora de la situación jurídica de las mujeres (1971-1975) -- 10. Los últimos cambios en el código civil en el franquismo (1970-1975) -- Conclusiones -- Fuentes y bibliografía -- Anexo documental.10aFórmica, Mercedes.10aTelo Núñez, María.20aFederación Internacional de Mujeres de Carreras JurídicasxHistory.20aFalange Española Tradicionalista y de las Juntas Ofensivas Nacional-Sindicalistas.bSección FemeninaxHistory. 0aWomenzSpainxHistoryy20th century. 0aWomenxLegal status, laws, etc.zSpainxHistory. 0aWomen's rightszSpainxHistory. 0aFeminismzSpainxHistory. 0aFascism and womenzSpainxHistory. 0aFrancoism. 0aElectronic books.1 aNielfa Cristóbal, Gloria. 0aColección Historia (Biblioteca Nueva (Firm)).403Digitalia Hispánicauhttps://www.digitaliapublishing.com/a/5375/